000 01767nas a2200277Ia 4500
001 R052-S4687
003 IT-CnALBA
008 170116c99999999xx |||||||||||| ||und||
040 _aIT-CnALBA
_cIT-CnALBA
041 _aITALIANO
100 _aMIDALI MARIO, SDB.
210 _aVITA CONSACRATA
222 _aVITA CONSACRATA
245 0 _aVITA CONSACRATA. MARZO APRILE 2000.
250 _a1a ed.
260 _a MILANO - BOLOGNA
_bANCORA EDITRICE
_c2000 [1° Ed.:2000 - Ed.Ling.Originale: 2000]
300 _a110 p.
310 _aBIMESTRALE
362 _aFascicolo: 2 / Anno: 36 (2000)
500 _aNUOVE FORME VITA CONSACRATA. LETTURA TEOLOGICA. RELAZIONI GENERAZIONI NELLA VITA CONSACRATA. CHIESA LOCALE. ISTRUZIONE VERBI SPONSA E VITA CONTEMPLATIVA CLAUSTRALE. COMUNITÀ FACENTE SPAZIO AL DESIDERIO. DIRE LA VITA CONSACRATA NEL NOSTRO TEMPO. PAROLE. VITA FRATERNA, NUOVA EVANGELIZZAZIONE. SANTA MAESTRA DI VITA PER L'ERUROPA DEL NUOVO TEMPO. IL DECLINO DELLE VOCAZIONI RELIGIOSE. L'ICONA DELLA TRINITÀ. CARBONE S. RECCHI S. SARTORIO V. GARDIN A. FAMIGLIETTI T. ANGE D.
501 _aSocietà San Paolo EM - Piazza San Paolo, 14 - 12051 ALBA (CN) (non commercial uses only) ® Copyright 2017
520 _aNUOVE FORME VITA CONSACRATA. LETTURA TEOLOGICA. RELAZIONI GENERAZIONI NELLA VITA CONSACRATA. CHIESA LOCALE. ISTRUZIONE VERBI SPONSA E VITA CONTEMPLATIVA CLAUSTRALE. COMUNITÀ FACENTE SPAZIO AL DESIDERIO. DIRE LA VITA CONSACRATA NEL NOSTRO TEMPO. PAROLE. VITA FRATERNA, NUOVA EVANGELIZZAZIONE. SANTA MAESTRA DI VITA PER L'ERUROPA DEL NUOVO TEMPO. IL DECLINO DELLE VOCAZIONI RELIGIOSE. L'ICONA DELLA TRINITÀ. CARBONE S. RECCHI S. SARTORIO V. GARDIN A. FAMIGLIETTI T. ANGE D.
650 _aTEOLOGIA SPIRITUALE
942 _cCR
957 _71
999 _a66577
_bNO
_g1
_c332940
_d332940